000 00492nam a22001697a 4500
005 20251108165211.0
008 250721s1980 xx 000 0 ara d
082 1 4 _a956/محم
100 1 _aعمارة، محمد
245 1 0 _aالعرب و التحدي /
264 1 _aالكويت :
_bالمجلس الوطني للثقافة و الفنون،
_c1980.
300 _a319ص
490 0 _aعالم المعرفة
650 1 7 _aتاريخ العرب
942 _2ddc
_cBK
999 _c21973
_d21973